000 00843nam a2200229 a 4500
001 63203
003 BD-RjUL
005 20211209081153.0
008 170129s2010 ii ||||| |||| 00| 0 eng d
020 _a9788175221871
035 _a(BD-RjUL)63331
040 _aBD-RjUL
_bben
_cBD-RjUL
041 _aben
082 _223
_a781.1
_bTAS 2010
100 1 _aঠাকুর, রবীন্দ্রনাথ
_9144975
245 1 0 _aস্বরবিতান-সূচীপত্র /
_cরবীন্দ্রনাথ ঠাকুর.
260 _aকলকাতা :
_b বিশ্বভারতী গ্রন্থবিভগ,
_c২০১.
300 _a৭৯ পৃ. ;
_c২১ সেমি.
650 _aসঙ্গীতের মূলনীতি
_9144976
650 _aBasic Principles of Music
_9144977
942 _2ddc
_cBK
999 _c63203
_d63203